Statistiche per Paesi Uniti

Clicka qui per fare il quiz!

Statistiche generali

  • Questo quiz è stato fatto 2.692 volte
  • Il punteggio medio è 12 su 20

Risposte nella Mappa

Le risposte nella mappa del quiz sottostante sono codificate secondo una scala di colori dal rosso al verde in base alla % di persone che hanno risposto correttamente.
 

Statistiche sulle risposte

Country% Corretto
Russia
77%
Pakistan
76%
Afghanistan
71%
Mongolia
67%
Slovacchia
66%
Argentina
65%
Cechia
65%
Mali
64%
Paraguay
64%
Somalia
61%
Mauritania
60%
Guyana
58%
Suriname
58%
Repubblica del Congo
57%
Vietnam
56%
Cambogia
55%
Kenya
54%
Croazia
47%
Slovenia
47%
Gabon
46%

Distribuzione punteggi

Percentile per numero di risposta

Percentuale di utenti per punteggio

I tuoi punteggi nel tempo

Non hai fatto questo quiz